000 00597nam a2200181Ia 4500
008 100921s9999 xx 000 0 und d
082 _b9831
_a750 थ 62
100 _aभागवत रा.शं.
245 _aकापड रंगविणे.
260 _bउद्यम प्रकाशन, नागपूर.
_c1962
300 _a125
_b---
365 _b2.5
520 _aकला-चित्रकला.
630 _aकापड रंगविणे.
650 _aकला-चित्रकला.
730 _aकापड रंगविणे.
942 _cBOOK
999 _c758944
_d758941